Country Trivia With Flag Clues - Statistics

General Stats
  • This quiz has been taken 27 times
  • The average score is 7 of 8
Answer Stats
Picture Hint Answer % Correct
This country occupies the world's flattest continent. Australia
100%
This country has the most coastline. Canada
100%
This country is the smallest independent country on Earth. Vatican
95%
Along with Spain and France, this country is one of three countries in the world with Atlantic and Mediterranean coastlines. Morocco
90%
This country's capital is the oldest city in the world. Syria
90%
This is the most populated country in Africa. Nigeria
85%
This African country served as the setting for Tatooine in Star Wars. Tunisia
85%
This country is home to over 200 pyramids, more than twice that of Egypt. Sudan
65%
No matching quizzes found
Score Distribution
Percent of People with Each Score
Percentile by Number Answered
Your Score History
You have not taken this quiz